Degas : (Record no. 10174)
[ view plain ]
| 000 -LEADER | |
|---|---|
| fixed length control field | 00909nam a2200313 a 4500 |
| 001 - CONTROL NUMBER | |
| JCCL Control Number | 10174 |
| 003 - CONTROL NUMBER IDENTIFIER | |
| JCCL marc code | BD - JhCC |
| 005 - DATE AND TIME OF LATEST TRANSACTION | |
| control field | 20190311093917.0 |
| 008 - FIXED-LENGTH DATA ELEMENTS--GENERAL INFORMATION | |
| fixed length control field | 180417r19871969enka 000 0 eng d |
| 020 ## - INTERNATIONAL STANDARD BOOK NUMBER | |
| International Standard Book Number | 0600552128 |
| 035 ## - SYSTEM CONTROL NUMBER | |
| system control number | (BD-JhCC)10174 |
| 040 ## - CATALOGING SOURCE | |
| Original cataloging agency | BD-JhCC |
| Modifying agency | BD-JhCC |
| 041 ## - LANGUAGE CODE | |
| Language code of Book | eng |
| 050 #0 - LIBRARY OF CONGRESS CALL NUMBER | |
| Classification number | NC248.D38 |
| 082 ## - DEWEY DECIMAL CLASSIFICATION NUMBER | |
| Classification number | 741.944 |
| DDC Edition number | 19 |
| Author mark and Year | ORI 1987 |
| 100 1# - MAIN ENTRY--PERSONAL NAME | |
| Personal name | Orienti Sandra |
| 245 10 - TITLE STATEMENT | |
| Title | Degas : |
| Remainder of title | The Life and Work of the artist illustrated with 80 colour plates / |
| Statement of responsibility, etc | Sandra Orienti |
| 250 ## - EDITION STATEMENT | |
| Edition statement | 2nd ed |
| 260 ## - PUBLICATION, DISTRIBUTION, ETC. (IMPRINT) | |
| Place of publication, distribution, etc | Twickenham : |
| Name of publisher, distributor, etc | Thames and Hudson, |
| Date of publication, distribution, etc | 1969. |
| 300 ## - PHYSICAL DESCRIPTION | |
| Pagination | 79 p., 64 leaves : |
| Other physical details | col.ill. ; |
| Dimensions | 31 cm |
| 500 ## - GENERAL NOTE | |
| General note | Previous ed.: London : Nevill, 1963? |
| 504 ## - BIBLIOGRAPHY, ETC. NOTE | |
| Bibliography, etc | Bibliography: p29 |
| 600 10 - SUBJECT ADDED ENTRY--PERSONAL NAME | |
| Personal name | Degas, Edgar, |
| Dates associated with a name | 1834-1917. |
| 650 #0 - SUBJECT ADDED ENTRY--TOPICAL TERM | |
| Topical term or geographic name as entry element | Drawing, French |
| 700 1# - ADDED ENTRY--PERSONAL NAME | |
| Personal name | Pečı́ka, Jaromı́r. |
| 700 1# - ADDED ENTRY--PERSONAL NAME | |
| Personal name | Pickvance, Ronald. |
| 942 ## - ADDED ENTRY ELEMENTS (KOHA) | |
| Source of classification or shelving scheme | Dewey Decimal Classification |
| Koha item type | Books |
| Source of classification or shelving scheme | Damaged status | Not for loan | Home library | Current library | Shelving location | Date of accession | Total Checkouts | Full call number | Barcode | Date last seen | Copy number | Koha item type |
|---|---|---|---|---|---|---|---|---|---|---|---|---|
| Dewey Decimal Classification | JCC Rouf Library | JCC Rouf Library | General Stacks | 04/17/2018 | 741.944 ORI 1987 | 12796 | 04/18/2018 | C-1 | Books |